000
00264nam a2200109Ia 4500
008
220120s9999||||xx |||||||||||||| ||und||
082
_a
003.78 MIL
100
_a
Milenkovic, Milan
_9
11422
245
0
_a
Operating systems
260
_b
New Delhi
300
_a
1117p.
_b
0
999
_c
136347
_d
136347